Production and Operations Management (Record no. 5320)

MARC details
000 -LEADER
fixed length control field 00335nam a2200145Ia 4500
008 - FIXED-LENGTH DATA ELEMENTS--GENERAL INFORMATION
fixed length control field 191201s2012 xx 000 0 und d
082 ## - DEWEY DECIMAL CLASSIFICATION NUMBER
Classification number 658.5
Item number ADP
100 ## - MAIN ENTRY--PERSONAL NAME
Personal name AAAM,Eerett E
245 #0 - TITLE STATEMENT
Title Production and Operations Management
250 ## - EDITION STATEMENT
Edition statement 5th
260 ## - PUBLICATION, DISTRIBUTION, ETC. (IMPRINT)
Place of publication, distribution, etc N.Delhi
Name of publisher, distributor, etc PHI
Date of publication, distribution, etc 2012
300 ## - PHYSICAL DESCRIPTION
Extent 729
650 ## - SUBJECT ADDED ENTRY--TOPICAL TERM
Topical term or geographic name as entry element MBA
942 ## - ADDED ENTRY ELEMENTS (KOHA)
Source of classification or shelving scheme Dewey Decimal Classification
Koha item type Text Books
Holdings
Withdrawn status Lost status Source of classification or shelving scheme Damaged status Not for loan Collection code Home library Current library Date acquired Source of acquisition Cost, normal purchase price Bill Number Total Checkouts Full call number Acc. no. / Barcode Date last seen Date last borrowed Bill Date Koha item type Checked out Public note
    Dewey Decimal Classification     MBA PIET C-LIBRARY PIET C-LIBRARY 11/07/2012 IBH, New Delhi 475.00 4894 1 658.5 ADP 19795 06/01/2026 07/05/2025 04/07/2012 Text Books    
    Dewey Decimal Classification     MBA PIET C-LIBRARY PIET C-LIBRARY 11/07/2012 IBH, New Delhi 475.00 4894   658.5 ADP 19796 04/12/2019   04/07/2012 Text Books    
    Dewey Decimal Classification     MBA PIET C-LIBRARY PIET C-LIBRARY 11/07/2012 IBH, New Delhi 475.00 4894   658.5 ADP 19797 04/12/2019   04/07/2012 Text Books    
    Dewey Decimal Classification     MBA PIET C-LIBRARY PIET C-LIBRARY 11/07/2012 IBH, New Delhi 475.00 4894   658.5 ADP 19798 04/12/2019   04/07/2012 Text Books    
    Dewey Decimal Classification     MBA PIET C-LIBRARY PIET C-LIBRARY 11/07/2012 IBH, New Delhi 475.00 4894   658.5 ADP 19799 04/12/2019   04/07/2012 Text Books    
    Dewey Decimal Classification     MBA PIET C-LIBRARY PIET C-LIBRARY 11/07/2012 IBH, New Delhi 475.00 4894   658.5 ADP 19800 04/12/2019   04/07/2012 Text Books    
    Dewey Decimal Classification     MBA PIET C-LIBRARY PIET C-LIBRARY 11/07/2012 IBH, New Delhi 475.00 4894 1 658.5 ADP 19801 22/01/2022 22/01/2022 04/07/2012 Text Books 21/07/2022 .

Design & Developed by: PIET Central Library
R70 Miles Stone Pattikalyana Samalkha Panipat 132102
mail ID :- [email protected], Phone No:- 0180-2569700 Ex.216